Capitales Aléatoires d'Asie - Statistiques

Statistiques générales
  • Ce quiz a été pris 1 757 fois
  • Le résultat moyen est 37 sur 48
Statistiques - réponses
Pays Réponse % Correct
Chine Pékin
91%
Inde New Delhi
88%
Corée du Sud Séoul
88%
Japon Tokyo
88%
Singapour Singapour
87%
Turquie Ankara
86%
Koweït Koweït
86%
Philippines Manille
86%
Israël Jérusalem
85%
Corée du Nord Pyongyang
85%
Thaïlande Bangkok
84%
Indonésie Jakarta
84%
Iran Téhéran
84%
Émirats arabes unis Abou Dabi
83%
Irak Bagdad
83%
Viêt Nam Hanoï
83%
Liban Beyrouth
82%
Afghanistan Kaboul
82%
Chypre Nicosie
82%
Qatar Doha
81%
Taïwan Taipei
81%
Mongolie Oulan-Bator
80%
Arabie saoudite Riyad
80%
Syrie Damas
79%
Malaisie Kuala Lumpur
79%
Arménie Erevan
78%
Népal Katmandou
78%
Géorgie Tbilissi
78%
Pakistan Islamabad
77%
Azerbaïdjan Bakou
76%
Cambodge Phnom Penh
74%
Yémen Sanaa
74%
Bangladesh Dacca
73%
Kazakhstan Astana
72%
Maldives Malé
72%
Laos Vientiane
71%
Jordanie Amman
70%
Timor oriental Dili
69%
Oman Mascate
64%
Sri Lanka Sri Jayawardenepura kotte
62%
Bahreïn Manama
61%
Kirghizistan Bichkek
60%
Ouzbékistan Tachkent
60%
Bhoutan Thimphou
60%
Turkménistan Achgabat
59%
Tadjikistan Douchanbé
59%
Brunei Bandar Seri Begawan
58%
Birmanie Naypyidaw
56%
Aucun quiz correspondant
Distribution des résultats
% des personnes avec chaque résultat
Percentile par nombre de réponses
Votre historique - résultats
Vous n’avez pas pris ce quiz